Creating High Performance Teams : A Facilitator's Guide / (Record no. 27228)
[ view plain ]
| 000 -LEADER | |
|---|---|
| fixed length control field | 00925nam a22002537a 4500 |
| 001 - CONTROL NUMBER | |
| control field | 0000003876 |
| 003 - CONTROL NUMBER IDENTIFIER | |
| control field | PPM |
| 005 - DATE AND TIME OF LATEST TRANSACTION | |
| control field | 20260423163116.0 |
| 008 - FIXED-LENGTH DATA ELEMENTS--GENERAL INFORMATION | |
| fixed length control field | 260423b ||||| |||| 00| 0 eng d |
| 020 ## - INTERNATIONAL STANDARD BOOK NUMBER | |
| International Standard Book Number | 9833109101 |
| Terms of availability | RM 60.00 |
| Qualifying information | Hardback |
| 035 ## - SYSTEM CONTROL NUMBER | |
| System control number | 0000003876 |
| 040 ## - CATALOGING SOURCE | |
| Language of cataloging | Eng |
| Transcribing agency | Pusat Penyelidikan Mineral, Jabatan Mineral Dan Geosains Malaysia |
| Modifying agency | PPM |
| Description conventions | RDA |
| 082 00 - DEWEY DECIMAL CLASSIFICATION NUMBER | |
| Edition number | 23 |
| Classification number | 658.4022 |
| Item number | GEO 2005 |
| 100 1# - MAIN ENTRY--PERSONAL NAME | |
| Personal name | George, Thomas |
| Relator term | author |
| 245 10 - TITLE STATEMENT | |
| Title | Creating High Performance Teams : A Facilitator's Guide / |
| Statement of responsibility, etc. | by Thomas George |
| 260 #1 - PUBLICATION, DISTRIBUTION, ETC. | |
| Place of publication, distribution, etc. | Kuala Lumpur : |
| Name of publisher, distributor, etc. | National Institute of Public Administration, |
| Date of publication, distribution, etc. | 2005 |
| 300 00 - PHYSICAL DESCRIPTION | |
| Extent | xvii, 250 pages .; |
| Other physical details | some colour, table, illustrations .; |
| Dimensions | 26 cm |
| 500 ## - GENERAL NOTE | |
| General note | BAHAN KOLEKSI NEGARA (879138) |
| 504 ## - BIBLIOGRAPHY, ETC. NOTE | |
| Bibliography, etc. note | Includes bibliographical references and indexs |
| 650 10 - SUBJECT ADDED ENTRY--TOPICAL TERM | |
| Topical term or geographic name entry element | Teams in the workplace |
| 650 20 - SUBJECT ADDED ENTRY--TOPICAL TERM | |
| Topical term or geographic name entry element | Work environment |
| 650 20 - SUBJECT ADDED ENTRY--TOPICAL TERM | |
| Topical term or geographic name entry element | Organizational behavior |
| 942 ## - ADDED ENTRY ELEMENTS (KOHA) | |
| Source of classification or shelving scheme | |
| Koha item type | Books |
| Withdrawn status | Lost status | Source of classification or shelving scheme | Damaged status | Not for loan | Collection code | Permanent Location | Current Location | Shelving location | Date acquired | Cost, normal purchase price | Total Checkouts | Full call number | Date last seen | Price effective from | Koha item type |
|---|---|---|---|---|---|---|---|---|---|---|---|---|---|---|---|
| Available | Open Shelf | PPM | PPM | Open Shelf | 23/04/2026 | 60.00 | 658.4022 GEO 2005 | 23/04/2026 | 23/04/2026 | Books |